01560nam a2200349 a 4500001001200000003000800012006001900020007001500039008004100054010001700095020004000112040002100152035002000173050002400193082001800217100002900235245015300264260004700417300001100464490007900475504006600554533015200620650005600772650006800828650003400896650002600930655002900956710001700985830006701002856012601069999001501195ebr10004884CaPaEBRm u cr cn|||||||||950721s1996 ctu sb 001 0 eng  z 95035714  z0313295115 (hardcover : alk. paper) aCaPaEBRcCaPaEBR a(OCoLC)7076544214aPQ3980b.J33 1996eb04a840.9/8962201 aJack, Belinda Elizabeth.10aNegritude and literary criticismh[electronic resource] :bthe history and theory of "Negro-African" literature in French /cBelinda Elizabeth Jack. aWestport, Conn. :bGreenwood Press,c1996. a194 p.1 aContributions in Afro-American and African studies,x0069- 9624 ;vno. 178 aIncludes bibliographical references (p. [169]-183) and index. aElectronic reproduction.bPalo Alto, Calif. :cebrary,d2013.nAvailable via World Wide Web.nAccess may be limited to ebrary affiliated libraries. 0aAfrican literature (French)xHistory and criticism. 0aAfrican literaturezAfrica, Sub-SaharanxHistory and criticism. 0aNegritude (Literary movement) 0aBlacks in literature. 7aElectronic books.2local2 aebrary, Inc. 0aContributions in Afro-American and African studies ;vno. 178.40uhttp://site.ebrary.com/lib/rucke/Doc?id=10004884zAn electronic book accessible through the World Wide Web; click to view c3219d3219